000 00677nam a2200289Ia 4500
005 20260324144125.0
008 008 260324s9999 xx 000 0 eng d
020 _a9781315826028
037 _aEBOOK
040 _aCRL
040 _beng
040 _cCRL
041 _2eng
041 _aeng
084 _qCRL
100 _aDonald Self
_91213829
245 0 _aAlcoholism Treatment Marketing
245 0 _bBeyond T.V. Ads and Speeches
260 _bTaylor and Francis
260 _c1989
365 _a
365 _b99.99
856 _uhttp://www.taylorfrancis.com/books/9781315826028
942 _cEBOOK
999 _c1824387
_d1824387